Assessment year 2013-14 Income Tax : (Record no. 5468)

MARC details
000 -LEADER
fixed length control field 00613cam a2200229ua 4500
008 - FIXED-LENGTH DATA ELEMENTS--GENERAL INFORMATION
fixed length control field 131128n ii |||gr||||Z||||||eng
020 ## - INTERNATIONAL STANDARD BOOK NUMBER
International Standard Book Number 978-93-272-3099-4
040 ## - CATALOGING SOURCE
Transcribing agency MAIN
082 ## - DEWEY DECIMAL CLASSIFICATION NUMBER
Classification number 336.24
245 ## - TITLE STATEMENT
Title Assessment year 2013-14 Income Tax :
Remainder of title Law and Practice /
Statement of responsibility, etc. V.P. Gaur .
250 ## - EDITION STATEMENT
Edition statement 41st ed.
260 ## - PUBLICATION, DISTRIBUTION, ETC.
Place of publication, distribution, etc. Ludhiana:
Name of publisher, distributor, etc. Kalyani publishers,
Date of publication, distribution, etc. 1974.
300 ## - PHYSICAL DESCRIPTION
Extent ix,6/96p.
700 ## - ADDED ENTRY--PERSONAL NAME
Personal name Gaur,V.P.,
Relator term
700 1# - ADDED ENTRY--PERSONAL NAME
Personal name Narang,D.B.,
Relator term
700 1# - ADDED ENTRY--PERSONAL NAME
Personal name Gaur,Puja,
Relator term
700 1# - ADDED ENTRY--PERSONAL NAME
Personal name Puri,Rajeev,
Relator term
942 ## - ADDED ENTRY ELEMENTS (KOHA)
Koha item type Books
653 ## - INDEX TERM--UNCONTROLLED
Uncontrolled term Commerce
653 ## - INDEX TERM--UNCONTROLLED
Uncontrolled term Income tax
Holdings
Withdrawn status Lost status Damaged status Not for loan Home library Current library Shelving location Date acquired Total Checkouts Full call number Barcode Date last seen Date last checked out Copy number Price effective from Koha item type
        Naharkatiya College Library Naharkatiya College Library General Stacks 19/09/2020 1 336.24 | GAU 22297 23/03/2022 08/03/2022 1 19/09/2020 Books

Naharkatiya College © 2020. All rights reserved.

Powered By